| 000 | 01326cam a22002891i 4500 | ||
|---|---|---|---|
| 003 | SA-RiAUC | ||
| 005 | 20250923044901.0 | ||
| 008 | 250922s1987 ua g b 00000 ara c | ||
| 040 |
_aSA-JeALM _bara _cSA-RiAUC _erda |
||
| 043 | _aa-su--- | ||
| 082 | 0 | 4 |
_a953.101 _qSA-RiAUC |
| 090 |
_a953.101 _bع ب د |
||
| 100 | 1 |
_aعبد الرحيم، عبد الرحيم عبد الرحمن، _d1936-2005 _eمؤلف. |
|
| 245 | 1 | 2 |
_aالدولة السعودية الأولى، 1158 هـ.-1233 هـ. / 1745 م.-1818 م. / _cعبد الرحيم عبد الرحمن عبد الرحيم. |
| 250 | _aالطبعة الخامسة. | ||
| 264 | 1 |
_aالقاهرة : _bدار الكتاب الجامعي، _c1987. |
|
| 300 |
_a1 مجلد (543 صفحة) ؛ _bيوجد خرائط _c24 سم. |
||
| 336 |
_aنص _btxt _2rdacontent _3كتاب |
||
| 337 |
_aبدون وسيط _bn _2rdamedia |
||
| 338 |
_aمجلد _bnc _2rdacarrier |
||
| 490 | 0 | _aمن تاريخ شبه الجزيرة العربية في العصر الحديث | |
| 504 | _aببليوجرافية : صفحة 457-495. | ||
| 651 | 7 |
_aالسعودية _xتاريخ _yالدولة السعودية الأولى، 1157-1233 هجري. _2aucsh |
|
| 651 | 7 |
_aالسعودية _xتاريخ _yقرن 14 هجري. _2aucsh |
|
| 942 |
_2ddc _cBOOK _n0 |
||
| 949 |
_aSA-JeALM _d250922 _uosman123 _n1 |
||
| 999 |
_c12034 _d12034 |
||